Nadnárodní harmonizace účetnictví
Medzinárodné účtovné štandardy riešia problematiku zásadných chýb a zmien v účtovnej politike štandardom 8 - Čistý zisk alebo strata za obdobie, zásadné chyby a zmeny v účtovnej politike. Príklady.
Salvato in:
| Autore principale: | |
|---|---|
| Natura: | Capitolo di libro |
| Lingua: | ceco |
| Soggetti: | |
| Tags: |
Nessun Tag, puoi essere il primo ad aggiungerne!!
|
MARC
| LEADER | 00000naa a2200000 4500 | ||
|---|---|---|---|
| 001 | r044389 | ||
| 005 | 20230913090331.9 | ||
| 041 | 0 | |a cze | |
| 044 | |a CZ | ||
| 245 | 1 | 0 | |a Nadnárodní harmonizace účetnictví |c Lenka Krupová |
| 520 | |a Medzinárodné účtovné štandardy riešia problematiku zásadných chýb a zmien v účtovnej politike štandardom 8 - Čistý zisk alebo strata za obdobie, zásadné chyby a zmeny v účtovnej politike. Príklady. | ||
| 610 | 2 | 0 | |a účtovníctvo |
| 610 | 2 | 0 | |a štandardy |
| 610 | 2 | 0 | |a IAS |
| 610 | 2 | 0 | |a účtovníctvo medzinárodné |
| 610 | 2 | 0 | |a zisk |
| 610 | 2 | 0 | |a strata |
| 100 | 1 | |a Krupová, Lenka | |